Calling all birdbrains / (Record no. 2217)

MARC details
000 -LEADER
fixed length control field 01686cam a2200493 a 4500
001 - CONTROL NUMBER
control field 2217
003 - CONTROL NUMBER IDENTIFIER
control field FISKH
005 - DATE AND TIME OF LATEST TRANSACTION
control field 20250407113858.0
008 - FIXED-LENGTH DATA ELEMENTS--GENERAL INFORMATION
fixed length control field 070810s2007 nyuab c 000 1 eng
010 ## - LIBRARY OF CONGRESS CONTROL NUMBER
LC control number 2007029612
020 ## - INTERNATIONAL STANDARD BOOK NUMBER
International Standard Book Number 9780061232756 (trade bdg.)
020 ## - INTERNATIONAL STANDARD BOOK NUMBER
International Standard Book Number 0061232750 (trade bdg.)
020 ## - INTERNATIONAL STANDARD BOOK NUMBER
International Standard Book Number 9780061232763 (lib. bdg.)
020 ## - INTERNATIONAL STANDARD BOOK NUMBER
International Standard Book Number 0061232769 (lib. bdg.)
035 ## - SYSTEM CONTROL NUMBER
System control number (OCoLC)ocn144226735
035 ## - SYSTEM CONTROL NUMBER
System control number (OCoLC)144226735
Canceled/invalid control number (OCoLC)144226722
040 ## - CATALOGING SOURCE
Original cataloging agency DLC
Transcribing agency DLC
Modifying agency DLC
Language of cataloging eng
042 ## - AUTHENTICATION CODE
Authentication code lcac
-- lcac
050 00 - LIBRARY OF CONGRESS CALL NUMBER
Classification number PZ7.S86037
Item number Cam 2007
082 00 - DEWEY DECIMAL CLASSIFICATION NUMBER
Classification number 421
Edition number 22
100 1# - MAIN ENTRY--PERSONAL NAME
Personal name Stine, R. L.
245 10 - TITLE STATEMENT
Title Calling all birdbrains /
Statement of responsibility, etc. R.L. Stine ; illustrations by Trip Park.
246 3# - VARYING FORM OF TITLE
Title proper/short title Calling all bird brains
260 ## - PUBLICATION, DISTRIBUTION, ETC.
Place of publication, distribution, etc. New York :
Name of publisher, distributor, etc. HarperCollinsPublishers,
Date of publication, distribution, etc. 2007.
300 ## - PHYSICAL DESCRIPTION
Extent 108, 5 pages
Other physical details illustrations ; map ;
Dimensions 21 cm
490 1# - SERIES STATEMENT
Series statement Rotten School ;
Volume/sequential designation Book 15
505 ## - FORMATTED CONTENTS NOTE
Formatted contents note J<br/>
520 ## - SUMMARY, ETC.
Summary, etc. As the annual I. B. Rotten Competition approaches, the school's egotistical schemer, Bernie Bridges, fears that his pet parrot, Lippy, is no longer a good luck charm.
521 8# - TARGET AUDIENCE NOTE
Target audience note 460<br/>
Source Lexile<br/>
521 8# - TARGET AUDIENCE NOTE
Target audience note J<br/>
Source Raz-Plus<br/>
650 #0 - SUBJECT ADDED ENTRY--TOPICAL TERM
Topical term or geographic name entry element Luck
Form subdivision Juvenile fiction.
650 #0 - SUBJECT ADDED ENTRY--TOPICAL TERM
Topical term or geographic name entry element Parrots
Form subdivision Juvenile fiction.
650 #0 - SUBJECT ADDED ENTRY--TOPICAL TERM
Topical term or geographic name entry element Boarding schools
Form subdivision Juvenile fiction.
650 #0 - SUBJECT ADDED ENTRY--TOPICAL TERM
Topical term or geographic name entry element Schools
Form subdivision Fiction
-- Juvenile fiction.
650 #0 - SUBJECT ADDED ENTRY--TOPICAL TERM
Topical term or geographic name entry element Contests
Form subdivision Juvenile fiction.
650 #1 - SUBJECT ADDED ENTRY--TOPICAL TERM
Topical term or geographic name entry element Luck
Form subdivision Fiction.
650 #1 - SUBJECT ADDED ENTRY--TOPICAL TERM
Topical term or geographic name entry element Parrots
Form subdivision Fiction.
650 #1 - SUBJECT ADDED ENTRY--TOPICAL TERM
Topical term or geographic name entry element Boarding schools
Form subdivision Fiction.
650 #1 - SUBJECT ADDED ENTRY--TOPICAL TERM
Topical term or geographic name entry element Schools
Form subdivision Fiction.
650 #1 - SUBJECT ADDED ENTRY--TOPICAL TERM
Topical term or geographic name entry element Contests
Form subdivision Fiction.
700 1# - ADDED ENTRY--PERSONAL NAME
Personal name Park, Trip,
Relator term illustrator
906 ## - LOCAL DATA ELEMENT F, LDF (RLIN)
a 7
b cbc
c orignew
d 1
e ecip
f 20
g y-gencatlg
942 ## - ADDED ENTRY ELEMENTS (KOHA)
Source of classification or shelving scheme Dewey Decimal Classification
Koha item type Books
Suppress in OPAC No
Holdings
Withdrawn status Lost status Source of classification or shelving scheme Damaged status Not for loan Collection Home library Current library Shelving location Date acquired Total Checkouts Full call number Barcode Date last seen Date last checked out Price effective from Koha item type Copy number
    Dewey Decimal Classification     Juvenile Fiction Footprints International School Library Network Toul Kork Campus Footprints International School Library Network Toul Kork Campus TK Primary Library Room(4th Floor), Bookcase 1&2, Shelves 1-16, Dark Blue Books 11/10/2023 1 STI 421 PZ7.S86037 FISTK00270 10/23/2024 10/16/2024 11/10/2023 Books  
    Dewey Decimal Classification     Juvenile Fiction Footprints International School Library Network Toul Tom Poung Campus Footprints International School Library Network Toul Tom Poung Campus TTP Primary Dark Blue Bookshelves 04/07/2025   STI 421 PZ7.S86037 2025-0991 04/07/2025   04/07/2025 Books 2